Complex variables and applications (Record no. 7613)
[ view plain ]
| 000 -LEADER | |
|---|---|
| fixed length control field | 00487 a2200169 4500 |
| 040 ## - CATALOGING SOURCE | |
| Original cataloging agency | DLC |
| Language of cataloging | DLC |
| 082 ## - DEWEY DECIMAL CLASSIFICATION NUMBER | |
| Classification number | 515.905 |
| 100 ## - MAIN ENTRY--PERSONAL NAME | |
| Personal name | Brown, James Ward. |
| 245 ## - TITLE STATEMENT | |
| Title | Complex variables and applications |
| Statement of responsibility, etc. | James Ward Brown |
| 250 ## - EDITION STATEMENT | |
| Edition statement | 7th ed |
| 260 ## - PUBLICATION, DISTRIBUTION, ETC. | |
| Place of publication, distribution, etc. | Islamabad : |
| Name of publisher, distributor, etc. | National Book Foundation. |
| 300 ## - PHYSICAL DESCRIPTION | |
| Extent | xvi, 458 p. |
| Other physical details | : ill. |
| Dimensions | ; 25 cm. |
| 500 ## - GENERAL NOTE | |
| General note | Includes Index |
| 650 ## - SUBJECT ADDED ENTRY--TOPICAL TERM | |
| Topical term or geographic name entry element | Functions of complex variables. |
| 700 ## - ADDED ENTRY--PERSONAL NAME | |
| Personal name | Ruel Vance. Churchill, |
| 942 ## - ADDED ENTRY ELEMENTS (KOHA) | |
| Koha item type | Book |
| Call number prefix | 515.905 BRO |
| Source of classification or shelving scheme | |
| Withdrawn status | Lost status | Damaged status | Not for loan | Collection code | Permanent Location | Current Location | Shelving location | Date acquired | Source of acquisition | Cost, normal purchase price | Total Checkouts | Full call number | Barcode | Date last seen | Date last checked out | Price effective from | Koha item type | Total Renewals |
|---|---|---|---|---|---|---|---|---|---|---|---|---|---|---|---|---|---|---|
| Central Library (CL) | Central Library (CL) | General Stacks | 12/08/2007 | Donation | 0.00 | 3 | 515.905 BRO | SEECS005567 | 06/02/2025 | 01/27/2025 | 01/05/2017 | Book | ||||||
| Central Library (CL) | Central Library (CL) | General Stacks | 01/03/2008 | Donation | 5 | 515.905 BRO | SEECS006820 | 06/02/2025 | 01/27/2025 | 01/05/2017 | Book | 3 | ||||||
| Central Library (CL) | Central Library (CL) | General Stacks | 01/03/2008 | Donation | 5 | 515.905 BRO | SEECS006821 | 07/01/2024 | 01/31/2022 | 01/05/2017 | Book | 3 | ||||||
| Central Library (CL) | Central Library (CL) | General Stacks | 12/08/2007 | Donation | 0.00 | 4 | 515.905 BRO | SEECS005566 | 09/21/2021 | 11/09/2020 | 01/05/2017 | Book | 1 | |||||
| Central Library (CL) | Central Library (CL) | General Stacks | 06/12/2004 | Allied Book Company | 770.06 | 5 | 515.905 BRO | SEECS004566 | 10/21/2019 | 09/02/2019 | 01/05/2017 | Book | 2 |
